Datum a čas kvízu
28.5
Celkem bodů
Celkový počet nahraných bodů na tomto kvízu bez doplňovacích otázek.
11.
Pořadí na kvízu
Konečné umístění týmu na tomto kvízu.
Zaznamenané odpovědi
| # | Otázka | Odpověď | Body | Výsledky |
|---|---|---|---|---|
| 1. | Minulý týden navštívil Českou... | 1 | ||
| 2. | Polsko oznámilo minulý týden n... | 1 | ||
| 3. | Jediným Čechem, který vystoupí... | 0 | ||
| 4. | Oděvní gigant H&M se potýká s... | 1 | ||
| 5. | Vedení Kontinentální hokejové... | 0 | ||
| 6. | Zaměříme se na nová slova v če... | 1 | ||
| 7. | Jeden z našich nejdůraznějších... | 0.5 | ||
| 8. | Mezi několik málo slov, která... | 1 | ||
| 9. | Jak se nazývá termín, který by... | 1 | ||
| 10. | Tvorba neologismů není jen zál... | 1 |